Costa Rica y el conflicto político-militar centroamericano: los procesos de "integración" del tercer tipo
Tallennettuna:
| Päätekijä: | |
|---|---|
| Aineistotyyppi: | Teksti |
| Julkaistu: |
Paris:
ASERCA
|
| Tagit: |
Lisää tagi
Ei tageja, Lisää ensimmäinen tagi!
|
MARC
| LEADER | 00000 a a2200000 04500 | ||
|---|---|---|---|
| 001 | 23639 | ||
| 003 | |||
| 040 | |||
| 090 | |a 163900 | ||
| 100 | |a Soto Acosta, Willy | ||
| 245 | |a Costa Rica y el conflicto político-militar centroamericano: los procesos de "integración" del tercer tipo | ||
| 260 | |a Paris: |b ASERCA | ||
| 300 | |a pp. 142-166 | ||
| 999 | |c 11667 |d 11667 | ||
